00382nam a2200109Ia 4500008004100000082002100041100002600062245001400088260003800102300000900140650012300149211119s9999||||xx |||||||||||||| ||und|| a894.812 3bLIM-B aLimbale, Sharan Kumar 0aBahujanan bMathrubhumi BooksaKottayamc2012 a229p aLiterature & rhetoricv Literatures of other languagesAltaic, Uralic, Hyperborean & Dravidian MalayalamxGeneral Stack